000 00280nam a2200109Ia 4500
008 200302s9999 xx 000 0 und d
100 _aPierre Frey
245 _aLearning from Vernacular Towards a New Vernacular Architecture
260 _bActes Sud
260 _c2010
300 _a170
999 _c3619
_d3619